Detención precoz diagnóstico y tratamiento del cáncer / (Record no. 119616)

MARC details
000 -LEADER
campo de control de longitud fija 00492nam a2200157 4500
001 - NÚMERO DE CONTROL
campo de control 119616
003 - IDENTIFICADOR DE NÚMERO DE CONTROL
campo de control ES-MaACL
005 - FECHA Y HORA DE LA ÚLTIMA TRANSACCIÓN
campo de control 20230906191344.0
007 - CAMPO FIJO DE DESCRIPCIÓN FÍSICA--INFORMACIÓN GENERAL
campo de control de longitud fija t|
008 - DATOS DE LONGITUD FIJA--INFORMACIÓN GENERAL
campo de control de longitud fija 070214s1965 sp r ||||1| spa d
100 1# - ENTRADA PRINCIPAL--NOMBRE DE PERSONA
Nombre de persona Pérez Modrego, Santiago.
9 (RLIN) 91029
245 10 - MENCIÓN DEL TÍTULO
Título Detención precoz diagnóstico y tratamiento del cáncer /
Mención de responsabilidad, etc. por Santiago Pérez Modrego.
260 ## - PUBLICACIÓN, DISTRIBUCIÓN, ETC.
Lugar de publicación, distribución, etc. Madrid :
Nombre del editor, distribuidor, etc. [s.n.],
Fecha de publicación, distribución, etc. 1965 (
Fabricante Gráf. Orbe)
300 ## - DESCRIPCIÓN FÍSICA
Extensión 378 p. :
Otras características físicas il ;
Dimensiones 25 cm.
852 ## - LOCALIZACIÓN
Ubicación ES-MaACL
Número de control de estantería C-26140
Sublocalización o colección R.55198
Holdings
Estatus retirado Estado de pérdida Estado de daño No para préstamo Biblioteca de origen Biblioteca actual Ubicación en estantería Fecha de adquisición Fuente de adquisición Total de préstamos Signatura topográfica completa Código de barras Visto por última vez Precio de reemplazo Tipo de ítem Koha
        Biblioteca del Ateneo de Madrid Biblioteca del Ateneo de Madrid Depósito 2 17/01/2008     C-26140 1124681 23/02/2023 23/02/2023 Libro impreso